|
|
|
|
| LEADER |
01515cam a2200385 7i4500 |
| 001 |
0000014545 |
| 005 |
20220905090000.0 |
| 008 |
070522 bm |
| 020 |
|
|
|a 9836240144 (jil. 3)
|
| 020 |
|
|
|a 9836251529 (jil. 5)
|
| 020 |
|
|
|a 9836244905 (jil. 4)
|
| 020 |
|
|
|a 9836263233 (jil. 7)
|
| 020 |
|
|
|a 9836240136 (jil. 2)
|
| 020 |
|
|
|a 9836240128 (jil. 1)
|
| 020 |
|
|
|a 983625756X (jil. 6)
|
| 090 |
0 |
0 |
|a BP144
|b .Z84
|
| 100 |
1 |
|
|a Al-Zuhaili, Wahbah
|
| 245 |
1 |
0 |
|a Fiqh & perundangan Islam
|c Wahbah Al-Zuhaili ; penterjemah Ahmad Shahbari Salamon ... [et al.].
|
| 260 |
|
|
|a Kuala Lumpur:
|b DBP.
|
| 300 |
|
|
|a 7 v., 1046 p.;
|c 24 cm.
|
| 500 |
|
|
|a Library has : 1994, 1995,1996, 1997, 2001
|
| 650 |
0 |
0 |
|a Islamic law
|
| 650 |
0 |
0 |
|a Islamic law --
|x Interpretation and construction
|
| 650 |
0 |
0 |
|a Jurisprudence
|
| 700 |
0 |
|
|a Ahmad Shahbari Salamon
|
| 997 |
|
|
|a Education & Social Sciences, Faculty
|b Islamic Studies, Department
|
| 998 |
|
|
|a Islamic Studies, Diploma
|
| 998 |
|
|
|a Islamic Studies, Degree
|
| 999 |
|
|
|a 0000018097
|b BOK
|c OPEN SHELF
|e 1st Floor, Bestari Jaya
|
| 999 |
|
|
|a 0000018098
|b BOK
|c OPEN SHELF
|e 1st Floor, Bestari Jaya
|
| 999 |
|
|
|a 0000018099
|b BOK
|c OPEN SHELF
|e 1st Floor, Bestari Jaya
|
| 999 |
|
|
|a 0000018100
|b BOK
|c OPEN SHELF
|e 1st Floor, Bestari Jaya
|
| 999 |
|
|
|a 0000018101
|b BOK
|c OPEN SHELF
|e 1st Floor, Bestari Jaya
|
| 999 |
|
|
|a 0000018102
|b BOK
|c OPEN SHELF
|e 1st Floor, Bestari Jaya
|
| 999 |
|
|
|a 0000018103
|b BOK
|c OPEN SHELF
|e 1st Floor, Bestari Jaya
|